Science - Reconnaitre des spectres (Chimie analytique) - Statistiques

Statistiques générales
  • Ce quiz a été pris 119 fois
    5 depuis la dernière actualisation
  • Le résultat moyen est 7 sur 12
Statistiques - réponses
Par images Réponse % Correct
infrarouge
100%
Chromatographie Liquide
80%
RMN 1H
80%
Spectrométrie de masse
80%
UV-visible
80%
RMN 13C
60%
Spectroscopie Raman
60%
COSY
40%
HSQC
40%
Diffraction Rayons X
20%
Spectrométrie Gamma
20%
Spectrométrie photoélectronique X
20%
Aucun quiz correspondant
Distribution des résultats
% des personnes avec chaque résultat
Percentile par nombre de réponses
Votre historique - résultats
Vous n’avez pas pris ce quiz depuis la dernière actualisation